| 000 | 01422nam a2200253 i 4500 | ||
|---|---|---|---|
| 001 | BPP | ||
| 003 | KOSZ 005 | ||
| 005 | 20180704124716.0 | ||
| 008 | 140625s1995 pl f |000 0 pol | ||
| 040 | _cBPK | ||
| 080 | _a631.56 | ||
| 080 | _a633.1 | ||
| 084 | _a430000 | ||
| 100 |
_aTARNOWSKI, Wojciech. _d1986 - 1996. _bWyższa Szkoła Inżynierska w Koszalinie - Wydział Mechaniczny, _cKatedra Systemów Sterowania |
||
| 245 |
_aInteligentny układ pomiaru wilgotności ciał sypkich czasu rzeczywistego / _cWojciech Tarnowski, Dariusz Tomkiewicz. |
||
| 260 |
_aKoszalin, _c[1995]. |
||
| 500 | _aDane z autopsji. | ||
| 520 | _aCelem pracy było zaprojektowanie, wykonanie i sprawdzenie układu pomiarowego wilgotności w złożach ziarna, wykorzystującego dynamiczne sygnały otrzymane ze zbioru czujników umieszczonych w złożu, w powietrzu dolotowym i wylotowym oraz sztuczną sieć neuronową, dającą na wyjściu liniowy, niezakłócony pomiar zawartości wody w materiale, a także opracowanie elementów metodyki konstrukcji i uczenia sieci neuronowej przeznaczonej do takich celów. | ||
| 650 | 0 | _aZboże. | |
| 650 | _aSuszenie konwekcyjne. | ||
| 650 | 0 | _aSieci neuronowe. | |
| 700 |
_aTOMKIEWICZ, Dariusz. _d1992 - 1996. _bWyższa Szkoła Inżynierska w Koszalinie - Wydział Mechaniczny, _cKatedra Systemów Sterowania - Zakład Automatyki Przemysłowej |
||
| 942 |
_cMN _2UKD |
||
| 999 |
_c2292 _d2292 |
||